00887nam a22002657a 4500003000500000005001700005008004100022010001000063011001000073035001000083040000900093082001600102100003300118245008100151260003100232300002000263490006100283650001800344650003600362650002300398700001800421700001500439710010600454830006100560CHAP20220329140847.0971013s1994 uk a r 00010 eng d a58827 a59799 a63959 cCHAP04a581.134bS500aSmith, Christopher Johneed.1 aBiochemical mechanisms involved in plant growth regulationb: proceedings... aOxford :bClarendon,c1994 a282 p.b: ilus. aProceedings of the Phytochemical Society of Europev; 3614aBioquímica.14aPlantasxCrecimientoxAditivos.14aQuímica vegetal.0 aChiatante, D.0 aZocchi, G.0 aInternational Symposium on Biochemical Mechanisms Involved in Growth Regulation (1991 : Milan, Italy)0 aProceedings of the Phytochemical Society of Europev; 36